Ruthner, Clemens: Habsburgs 'Dark Continent'

Titel: Ruthner, Clemens: Habsburgs 'Dark Continent' / Florian Ulrich Krobb
Verfasser:
In: ˜Theœ modern language review, Band 114, Heft 3 (2019), Seite 592-594
alle Artikel anzeigen
Veröffentlicht: 2019
Format: Aufsatz
Sprache: Englisch
Schlagworte:
Kein Bild verfügbar
X
alg: 45029277
001A    $04504:02-07-19 
001B    $01999:03-07-19 $t23:12:12.000 
001D    $04504:02-07-19 
001U    $0utf8 
001X    $00 
002@    $0Aou 
002C    $aText $btxt $2rdacontent 
002D    $aohne Hilfsmittel zu benutzen $bn $2rdamedia 
002E    $aBand $bnc $2rdacarrier 
003@    $0450292770 
007A    $0450292770 $aHEB 
010@    $aeng 
010E    $erda 
011@    $a2019 
013D    $#Newspapers Sections, columns, etc. Reviews $#Book reviewing $#Journaux Cahiers, chroniques, etc. Comptes rendus $#Livres Recension $#Rezension $#Buchbesprechung $#Buchrezension $#Buchkritik $74049712-4 $8Rezension [Ts1] $9085138568 
021A    $aRuthner, Clemens: Habsburgs 'Dark Continent' $hFlorian Ulrich Krobb 
028A    $BVerfasser $#Krobb, Florian U. $#Krobb, Florian $#Krobb, F. U. $#Krobb, F. $4aut $71051605202 $8Krobb, Florian Ulrich$Z1959- [Tp3] $9340626887 
031A    $d114 $e3 $h592-594 $j2019 
039B    $aEnthalten in $8--Abvc--. The @modern language review. - London : MHRA, 1905-. - ISSN 0026-7937 $x201900001140003408 $9047201339 
039T    $aRezension von $8--Aau--Ruthner, Clemens$Z1964- [Tp3]. Habsburgs 'Dark Continent'. - Tübingen : Narr Francke Attempto, [2018]. - 401 Seiten. - Illustrationen. - ISBN 978-3-7720-8603-8 $9427001277 
045T    $aAVL $qDE-30 $2FID 
045T    $a7,12 
045T    $aLING $qDE-30 $2FID 
045V    $815.05.00$jÖsterreich [Tkx] $9118845535 
045V    $816.05.00$jÖsterreich [Tkx] $9118845705 

lok: 45029277 62

exp: 45029277 62 1 #EPN
201B/01 $003-07-19 $t22:22:20.000 
201C/01 $003-07-19 
203@/01 $01054498393 
208@/01 $a03-07-19 $be 
209A/01 $a/ $f000 $x00 
209B/01 $a2019 $x05 
247C/01 $8Frankfurt, Bibliographie der Deutschen Sprach- und Literaturwissenschaft $9113214561 
201U/01 $0utf8 

lok: 45029277 78

exp: 45029277 78 1 #EPN
201B/01 $025-06-24 $t14:08:54.000 
201C/01 $025-06-24 
201U/01 $0utf8 
203@/01 $0126582293X 
208@/01 $a25-06-24 $be 
209A/01 $a/ $f000 $x00 
209A/01 $ab*p $x01 
220C/01 $apgar 
244Z/01 $#Ostmitteleuropa $#Ostmitteleuropa $#Mitteleuropa, Ost $#Central Europe Ostmitteleuropa $#Mittelosteuropa $74075753-5 $8--Tg1--Ostmitteleuropa $x05 $9085214485 
247C/01 $82080>Marburg/Lahn, Herder-Institut, Forschungsbibliothek, Bibliographieportal $9336309341
LEADER 00000caa a2200000 c 4500
001 450292770
003 DE-603
005 20190703231212.0
007 tu
008 190702s2019 xx |||| | u00||u|eng c
035 |a (DE-599)HEB450292770 
040 |a DE-603  |b ger  |c DE-603  |d DE-603  |e rda 
041 |a eng 
084 |a AVL  |q DE-30  |2 fid 
084 |a 7,12  |2 ssgn 
084 |a LING  |q DE-30  |2 fid 
100 1 |a Krobb, Florian Ulrich  |d 1959-  |e Verfasser  |4 aut  |0 (DE-603)340626887  |0 (DE-588)1051605202  |2 gnd 
245 0 0 |a Ruthner, Clemens: Habsburgs 'Dark Continent'  |c Florian Ulrich Krobb 
264 0 |c 2019 
336 |a Text  |b txt  |2 rdacontent 
337 |a ohne Hilfsmittel zu benutzen  |b n  |2 rdamedia 
338 |a Band  |b nc  |2 rdacarrier 
655 7 |a Rezension  |2 gnd-content  |0 (DE-588)4049712-4  |0 (DE-603)085138568 
773 0 8 |i Enthalten in  |t ˜Theœ modern language review  |d London : MHRA, 1905-  |x 0026-7937  |g Band 114, Heft 3 (2019), Seite 592-594  |w (DE-603)047201339  |w (DE-600)184111-7 
787 0 8 |i Rezension von  |a Ruthner, Clemens, 1964-  |t Habsburgs 'Dark Continent'  |d Tübingen : Narr Francke Attempto, [2018]  |h 401 Seiten, Illustrationen  |z 9783772086038  |z 3772086039  |w (DE-603)427001277 
924 0 |9 603  |a (DE-603)1054498393  |b DE-603  |c HES  |d d 
924 0 |9 2080  |a (DE-603)126582293X  |b DE-2080  |c HES  |d d  |g /